Sets, functions and logic : an introduction to abstract mathematics

Αποθηκεύτηκε σε:
Λεπτομέρειες βιβλιογραφικής εγγραφής
Κύριος συγγραφέας: Devlin, Keith J.
Μορφή: Βιβλίο
Γλώσσα:English
Δημοσίευση: London : Chapman and Hall/CRC, 2004
Έκδοση:3rd ed.
Σειρά:Chapman & Hall/CRC mathematics
Θέματα:
Ετικέτες: Προσθήκη ετικέτας
Δεν υπάρχουν, Καταχωρήστε ετικέτα πρώτοι!

MARC

LEADER 00000nam a2200000 i 4500
001 1/66225
008 041119s2004 eng d
020 |a 1-58488-449-5 
035 |l 10075360 
040 |a GR-MY-UA  |b gre  |e aacr 
041 0 |a eng 
082 0 |a 510  |2 (21) 
100 1 |a Devlin, Keith J. 
245 1 0 |a Sets, functions and logic :  |b an introduction to abstract mathematics /  |c Keith Devlin 
250 |a 3rd ed. 
260 |a London :   |b Chapman and Hall/CRC,   |c 2004 
300 |a 143 p. 
490 1 |a Chapman & Hall/CRC mathematics 
650 0 0 |a Mathematics. 
830 0 |a Chapman & Hall/CRC mathematics 
852 |a INST  |b CHIOS  |e 20150720  |h 510 DEV  |p 005200037379  |q 005200037379  |t BK  |y 0 
852 |a INST  |b RHODES  |e 20041119  |h 510 DEV  |p 005400017999  |q 005400017999  |t BK  |y 0 
901 |a BIBL4-2004-3 
909 |a Ρ  |b 116586 
922 |a 4ΕΛΗ  |b 200408  |c ΕΠΕΑΕΚ2/ΤΕΠΑΕΣ  |d ΜΙΧΑΛΟΠΟΥΛΟΣ 
950 |a 096-2004-10-04 
970 |a ΧΟΡΟΖΙΔΟΥ  |b ΤΖΕΝΗ  |z 2004/11/25